Western Bulldogs - Statistics

General Stats
  • This quiz has been taken 10 times
  • The average score is 27 of 42
Answer Stats
Hint Answer % Correct
4 Marcus Bontempelli
100%
10 Sam Darcy
100%
33 Aaron Naughton
83%
31 Bailey Dale
83%
6 Cooper Hynes
83%
20 Ed Richards
83%
16 Jordan Croft
83%
7 Rory Lobb
83%
44 Tim English
83%
15 Will Darcy
83%
1 Adam Treloar
67%
32 Arthur Jones
67%
34 Bailey Williams
67%
24 Buku Khamis
67%
3 Cody Weightman
67%
19 Connor Budarick
67%
5 Jedd Busslinger
67%
11 Lachie Jaques
67%
29 Lachlan Bramble
67%
30 Lachlan Mcneil
67%
25 Louis Emmett
67%
35 Luke Kennedy
67%
8 Matthew Kennedy
67%
37 Michael Sellwood
67%
13 Oskar Baker
67%
14 Rhylee West
67%
9 Ryley Sander
67%
21 Tom Liberatore
67%
12 Harvey Gallagher
50%
18 James O'Donnell
50%
27 Joel Freijah
50%
26 Josh Dolan
50%
40 Lachlan Smith
50%
36 Luke Cleary
50%
17 Nick Coffield
50%
38 Riley Garcia
50%
42 Sam Davidson
50%
41 Zac Walker
50%
2 Lachan Carmichael
33%
23 Laitham Vandermeer
33%
43 Ryan Gardner
33%
22 James Harnes
0%
No matching quizzes found
Score Distribution
Percent of People with Each Score
Percentile by Number Answered
Your Score History
You have not taken this quiz